000 00238nam a2200109Ia 4500
999 _c9060
_d9060
020 _a9781854712967
100 _aMark Twain
245 4 _aThe Prince and The Pauper
260 _aNew Delhi
_bBantam Books
_c1995
300 _a428
942 _cBK